[Event "2 Torneo Infrasettimanale \"Poco a Poco\""]
[Site "?"]
[Date "2024.05.20"]
[Round "4"]
[White "Battistelli, Gianluca"]
[Black "Rotoni, Matteo"]
[Result "1-0"]
[WhiteElo "1836"]
[BlackElo "2086"]
[PlyCount "77"]
[EventDate "2024.??.??"]
[SourceVersionDate "2024.06.04"]

1. Nc3 d5 2. e4 e6 3. d4 Bb4 4. e5 Ne7 5. h4 b6 6. a3 Bxc3+ 7. bxc3 Ba6 8. Qg4 Bxf1 9. Kxf1 Nf5 10. h5 h6 11. Ne2 Nc6 12. Rh3 Qd7 13. Qf3 Na5 14. g4 Ne7 15. Qd3 Qa4 16. Rb1 Qc4 17. Rb4 Qxd3 18. cxd3 Rc8 19. Rf3 c5 20. dxc5 Nec6 21. Ra4 Nxe5 22. cxb6 axb6 23. Rg3 Nec6 24. g5 hxg5 25. Rxg5 Rh7 26. Rag4 Ne7 27. Be3 Rc6 28. Ng3 Kf8 29. Rxg7 Rh8 30. Bd4 Rh6 31. Kg2 f6 32. f4 Nb3 33. Be3 f5 34. R4g5 Rxc3 35. Bxb6 Rxd3 36. Bd8 Rd2+ 37. Kh3 Nd4 38. Bxe7+ Ke8 39. Bb4 1-0